On This Day: May 27th Quiz Stats

Quiz Updated May 27, 2017

Challenge
Share
Tweet
Embed
Score 0/7 Timer 03:00
0 Plays Today
Question Answer Wrong Answers
Tsar Peter the Great founds the city of ______.
1703
Saint Petersburg
94.7%
Petrozavodsk
1.8%
Georgiyevsk
0.7%
Petrovsk
2.8%
This German-American politician, the 56th US Secretary of State and a Nobel Prize laureate, is born.
1923
Henry Kissinger
91.7%
Zbigniew Brzezinski
3.4%
George Soros
1.6%
William P. Rogers
2.3%
Barack Obama is the first president of United States to visit ______ Peace Memorial Park and meet Hibakusha.
2016
Hiroshima
85.9%
Saigon
3.1%
Lenin’s
1.2%
Tiananmen
6.4%
In California, this bridge opens to pedestrian traffic, creating a vital link between San Francisco and Marin County, California.
1937
Golden Gate Bridge
85.8%
San Francisco–Oakland Bay Bridge
9.8%
Foresthill Bridge
0.5%
Bixby Creek Bridge
0.7%
The Ford Motor Company ceases manufacture of the Ford Model T and begins to retool plants to make this second successful Ford car model.
1927
Model A
82.2%
De Luxe
5.2%
Falcon
7.4%
Galaxie
3.3%
This animation company releases the cartoon ‘Three Little Pigs,’ with its hit song ‘Who's Afraid of the Big Bad Wolf?’
1933
Walt Disney Animation Studios
79.5%
20th Century Fox Animation
11.5%
Bullwinkle Studios
2.4%
DreamWorks Animation
3.5%
The 1,046 feet ______ Building in New York City, the tallest man-made structure at the time, opens to the public.
1930
Chrysler
22.8%
Empire State
73%
Woolworth
1%
The New York Times
1%

Today's Daily Dose

Missing Word
Law Misconceptions

Word Ladder
Easy Math

On This Day
January 20th

You're not logged in!

Compare scores with friends on all Sporcle quizzes.
Sign Up with Email
OR
Log In

You Might Also Like...

Show Comments

Extras

Top Quizzes Today


Score Distribution

Your Account Isn't Verified!

In order to create a playlist on Sporcle, you need to verify the email address you used during registration. Go to your Sporcle Settings to finish the process.